Jak se to řekne německy

Guardado en:
Detalles Bibliográficos
Autor principal: Schönová, Ludmila
Formato: Libro
Lenguaje:checo
Publicado: Praha Stát. ped. nakl. 1989
Edición:4. vyd.
Colección:Střední slovníky jednostranné
Etiquetas: Agregar Etiqueta
Sin Etiquetas, Sea el primero en etiquetar este registro!

MARC

LEADER 00000nam a2200000 4500
001 c027826
005 20221215120103.1
041 0 |a cze 
044 |a CZ 
245 1 0 |a Jak se to řekne německy  |c Ludmila Schönová 
250 |a 4. vyd. 
264 1 |a Praha  |b Stát. ped. nakl.  |c 1989 
300 |a 1035 s. 
490 1 |a Střední slovníky jednostranné 
830 0 |a Střední slovníky jednostranné 
100 1 |a Schönová, Ludmila